[Event "Moscow op-B"]
[Site "Moscow"]
[Date "2009.02.08"]
[Round "9"]
[White "Elfert, Aleksandr V"]
[Black "Lavshirbanov, Ruslan"]
[Result "0-1"]
[WhiteElo "2007"]
[BlackElo "1791"]
[PlyCount "28"]
[EventDate "2009.01.31"]
[EventType "swiss"]
[EventRounds "9"]
[EventCountry "RUS"]
[SourceTitle "EXT 2012"]
[Source "ChessBase"]
[SourceDate "2011.11.24"]
[SourceVersion "1"]
[SourceVersionDate "2011.11.24"]
[SourceQuality "1"]

1. e4 c5 2. Nf3 g6 3. d4 Bg7 4. c3 cxd4 5. cxd4 d6 6. Be2 Nf6 7. Nc3 0-0 8. 0-0 a6 9. Re1 b5 10. a3 Bb7 11. d5 Nbd7 12. Nd4 Nb6 13. Be3 Rc8 14. Qd2 Nc4 0-1

[Event "Moscow op-B"]
[Site "Moscow"]
[Date "2009.02.04"]
[Round "5"]
[White "Lavshirbanov, Ruslan"]
[Black "Yudin, Andrey"]
[Result "0-1"]
[WhiteElo "1791"]
[BlackElo "2013"]
[PlyCount "114"]
[EventDate "2009.01.31"]
[EventType "swiss"]
[EventRounds "9"]
[EventCountry "RUS"]
[SourceTitle "EXT 2012"]
[Source "ChessBase"]
[SourceDate "2011.11.24"]
[SourceVersion "1"]
[SourceVersionDate "2011.11.24"]
[SourceQuality "1"]

1. e4 e5 2. Nf3 Nc6 3. Bb5 a6 4. Ba4 Nf6 5. 0-0 b5 6. Bb3 Be7 7. Re1 d6 8. h3 0-0 9. c3 Nb8 10. d4 Nbd7 11. Nbd2 Bb7 12. Bc2 Re8 13. Nf1 Bf8 14. Ng3 g6 15. d5 c6 16. dxc6 Bxc6 17. Nh2 h5 18. Bg5 Qc7 19. Nf3 Bg7 20. Nh4 d5 21. exd5 Bxd5 22. Qd2 Rab8 23. Bh6 Nf8 24. Bxg7 Kxg7 25. Nhf5+ Kg8 26. Qh6 Ne6 27. f4 e4 28. Rf1 Qc5+ 29. Kh2 Qf8 30. Qxf8+ Kxf8 31. Ne3 Nc5 32. Rfd1 Bc4 33. Nxc4 bxc4 34. Ne2 Nd3 35. b4 Nd5 36. Ba4 Re6 37. g3 Nb2 38. Bc2 Nxd1 39. Rxd1 Ke7 40. Rc1 Ne3 41. Nd4 Nxc2 42. Rxc2 e3 43. Re2 Rd8 44. a3 Rxd4 45. cxd4 Kd6 46. Kg2 Kd5 47. Kf1 Kxd4 48. Re1 Kd3 49. Rd1+ Kc2 50. Rd7 Kb2 51. b5 e2+ 52. Ke1 c3 53. bxa6 Rxa6 54. Rb7+ Kc1 55. Rxf7 Re6 56. Rc7 c2 57. Rb7 Re3 0-1

[Event "Moscow op-B"]
[Site "Moscow"]
[Date "2009.02.03"]
[Round "4"]
[White "Tarasenko, Vitalij"]
[Black "Lavshirbanov, Ruslan"]
[Result "0-1"]
[WhiteElo "1400"]
[BlackElo "1791"]
[PlyCount "92"]
[EventDate "2009.01.31"]
[EventType "swiss"]
[EventRounds "9"]
[EventCountry "RUS"]
[SourceTitle "EXT 2012"]
[Source "ChessBase"]
[SourceDate "2011.11.24"]
[SourceVersion "1"]
[SourceVersionDate "2011.11.24"]
[SourceQuality "1"]

1. d4 Nf6 2. c4 g6 3. Nf3 Bg7 4. e3 0-0 5. Bd3 d6 6. 0-0 Nbd7 7. Nc3 c5 8. d5 a6 9. Qb3 Nh5 10. Re1 Ne5 11. Nxe5 Bxe5 12. Be2 e6 13. g3 Bg7 14. e4 e5 15. Qd1 Nf6 16. Bg5 h6 17. Bxf6 Qxf6 18. Bg4 h5 19. Bxc8 Raxc8 20. Kg2 Bh6 21. Qf3 Qe7 22. Qe2 Kg7 23. Nd1 h4 24. Qg4 Rh8 25. Ne3 Bxe3 26. Rxe3 hxg3 27. Rxg3 Rcf8 28. Qg5 Qxg5 29. Rxg5 b5 30. b3 bxc4 31. bxc4 Rfg8 32. Rg3 Rh4 33. Rb3 Rgh8 34. Rb6 Rg4+ 35. Kh1 Rxe4 36. Rxd6 Rxc4 37. Rxa6 Rd8 38. Rd1 Rd4 39. Rxd4 cxd4 40. Ra3 Rxd5 41. Rd3 f5 42. Kg2 e4 43. Rd2 d3 44. Kg3 g5 45. Kg2 Rc5 46. Rd1 Rc2 0-1